MDQL
is popping MORE tags! Check the
thread
!
Quizzes
Events
Quiz Creation
Community
Videos
Private Events
Remove Ads
Sign In
Join for FREE
Feedback
Dark Mode
Quiz Categories
Sports
Geography
Music
Movies
Television
Just For Fun
Miscellaneous
History
Literature
Language
Science
Gaming
Entertainment
Religion
Holiday
For Kids
Quiz Lab
Recent
Popular Today
Quiz Kudos Today
Editor Picks
Curator Picks
Quizzes by...
Day
Popularity
Type
Ratings
Length
Year
Community
Subscriptions
Recent Discussions
Orange Saloon
Badges
Playlists
Quests
Create
Leaderboards
Showdown
Live 5
Trivia Bingo
Activity
Puzzle Library
Sporcle Events
Private Events
Virtual Trivia
Globe League
Become a Host
Pub Owners
SporcleCon
Opinionation
Our Games
Videos
Blog
Mobile Apps
Partnerships
Remove Ads and Go Orange
Feedback
Miscellaneous
Crossword
General Knowledge
Baby Names
Logo
Food
Cars
Numbers
Grab Bag
University
College
Popular
Company
Slogans
Restaurants
Justice
Letter
Miscellaneous
Crossword
General Knowledge
Baby Names
Logo
Food
Cars
Numbers
Grab Bag
University
College
Popular
Company
Slogans
Restaurants
Justice
Letter
Random Quiz
Search Sporcle
×
Quiz Lab
Quiz Lab
Miscellaneous
World
Type in answers that appear in a list
Type in answers that appear in a list
Classic
Best Score? Go Orange.
Baby Names Around the World Stats
Can you name the top 10 baby names around the world?
By
livfred
12m
200 Questions
656 Plays
656 Plays
656 Plays
Comments
Comments
Give Quiz Kudos
Give Quiz Kudos
-
- Ratings
hide this ad
Replay
Link that replays current quiz
Next Quiz
Link to next quiz in quiz playlist
You Got
0%
They Got
Avg Score
54%
Avg Friend Score
Upgrade to see
Score Distribution
Jump to the score distribution portion of the page
Score
0/200
Timer
12:00
0
Plays Today
Country (Year)
Name
% Correct
Mexico (2008)
Maria Jose
90.9%
Canada (2008)
Emma
85.8%
France (2008)
Emma
85.8%
Scotland (2008)
Emma
85.8%
United States of America (2008)
Emma
85.8%
Australia (2008)
Emily
85.5%
Canada (2008)
Emily
85.5%
Scotland (2008)
Emily
85.5%
United Kingdom (2008)
Emily
85.5%
Brazil (2009)
Maria Clara
85.4%
Mexico (2008)
Maria Fernanda
84.6%
Germany (2008)
Maria
84.5%
Mexico (2008)
Maria Guadeloupe
84.5%
Canada (2008)
Isabella
83.8%
Germany (2008)
Anna
80.9%
Australia (2008)
Olivia
79%
Scotland (2008)
Olivia
79%
United Kingdom (2008)
Olivia
79%
United States of America (2008)
Olivia
79%
Austria (2008)
Anna
78.4%
Austria (2008)
Sarah
78.2%
Canada (2008)
Sarah
78.2%
France (2008)
Sarah
78.2%
Canada (2008)
Sophia
77.6%
United States of America (2008)
Sophia
77.6%
Australia (2008)
William
77.3%
United Kingdom (2008)
William
77.3%
United Kingdom (2008)
Isabel, Isabelle, Isobel, Izobelle
77%
Austria (2008)
Sophie
76.7%
Scotland (2008)
Sophie
76.7%
United Kingdom (2008)
Sophie
76.7%
Australia (2008)
Isabella
76.4%
United States of America (2008)
Isabella
76.4%
Scotland (2008)
James
76.2%
United Kingdom (2008)
James
76.2%
Brazil (2009)
Maria Eduarda
76.1%
Brazil (2009)
Sofia
75.5%
Mexico (2008)
Daniel
75.5%
Scotland (2008)
Daniel
75.5%
United Kingdom (2008)
Daniel
75.5%
Brazil (2009)
Isabela
74.8%
Brazil (2009)
Davi
74.4%
Mexico (2008)
Sofia
74.4%
Australia (2008)
Jack
73.6%
Canada (2008)
Jack
73.6%
Scotland (2008)
Jack
73.6%
United Kingdom (2008)
Jack
73.6%
United States of America (2008)
Jack
73.6%
Australia (2008)
Ava
73.5%
Canada (2008)
Ava
73.5%
United States of America (2008)
Jacob
73.3%
Austria (2008)
David
72.6%
Germany (2008)
David
72.6%
United States of America (2008)
Ava
71.6%
Austria (2008)
Hannah
71%
Germany (2008)
Hannah
71%
United States of America (2008)
Matthew
70.6%
Austria (2008)
Alexander
70.4%
Germany (2008)
Alexander
70.4%
Australia (2008)
Maddison
69.7%
United States of America (2008)
Madison
69.4%
Austria (2008)
Julia
69.2%
Australia (2008)
Ella
66.9%
United Kingdom (2008)
Ella
66.9%
Australia (2008)
Chloe
66.6%
France (2008)
Chloé
66.6%
Scotland (2008)
Chloe
66.6%
Country (Year)
Name
% Correct
United Kingdom (2008)
Chloe
66.6%
Australia (2008)
Ethan
66.2%
Canada (2008)
Ethan
66.2%
United Kingdom (2008)
Ethan
66.2%
United States of America (2008)
Ethan
66.2%
Germany (2008)
Sophie
65.7%
United Kingdom (2008)
Thomas
65.1%
Australia (2008)
Lily
64.5%
Brazil (2009)
Ana Clara
64.5%
Canada (2008)
Lily
64.5%
Germany (2008)
Marie
64%
Austria (2008)
Catherine
63.9%
United Kingdom (2008)
Jessica
63.4%
Australia (2008)
Joshua
63.1%
United Kingdom (2008)
Lily
63.1%
United Kingdom (2008)
Joshua
63.1%
United States of America (2008)
Lily
63.1%
Austria (2008)
Laura
62.3%
Germany (2008)
Paul
61.1%
Mexico (2008)
Miguel Angel
61%
Australia (2008)
Lucas
60.7%
Germany (2008)
Lukas
60.7%
Canada (2008)
Lucas
60.4%
France (2008)
Lucas
60.4%
Australia (2008)
Mia
59.9%
Australia (2008)
Oliver
59.9%
Germany (2008)
Mia
59.9%
United Kingdom (2008)
Oliver
59.9%
Brazil (2009)
Gabriel
59.3%
Australia (2008)
Noah
59.1%
Canada (2008)
Noah
59.1%
France (2008)
Noah
59.1%
United States of America (2008)
Noah
59.1%
Scotland (2008)
Lucy
58.5%
United Kingdom (2008)
Grace
58.5%
Australia (2008)
Charlotte
58.1%
Germany (2008)
Charlotte
58.1%
Brazil (2009)
Júlia
57.6%
Canada (2008)
Aiden
57.6%
United Kingdom (2008)
Abigail
57%
United States of America (2008)
Aiden
57%
Mexico (2008)
Luis Angel
56.6%
Brazil (2009)
Lucas
56.4%
Austria (2008)
Luke
56.3%
United Kingdom (2008)
Harry
55.2%
Germany (2008)
Luca
54.4%
Canada (2008)
Liam
54.3%
Scotland (2008)
Liam
54.3%
Canada (2008)
Jayden
53.4%
France (2008)
Clara
53%
United States of America (2008)
Jayden
52.7%
Canada (2008)
Nathan
52.6%
France (2008)
Nathan
52.6%
United States of America (2008)
Jackson
50.5%
Scotland (2008)
Ryan
49.8%
Germany (2008)
Leon
49.4%
France (2008)
Jade
48.9%
Scotland (2008)
Katie
48.6%
United Kingdom (2008)
Charlie
47.6%
United States of America (2008)
Addison
47.3%
Brazil (2009)
Miguel
46.2%
Canada (2008)
Maya
45.6%
Scotland (2008)
Amy
45%
Canada (2008)
Logan
44.5%
United States of America (2008)
Logan
44.5%
Scotland (2008)
Ellie
43.1%
France (2008)
Tom
41.5%
Country (Year)
Name
% Correct
Scotland (2008)
Erin
40.5%
Mexico (2008)
Andrea
40.4%
United States of America (2008)
Madeline
40.2%
Austria (2008)
Julian
39.2%
Mexico (2008)
Diego
38.4%
Brazil (2009)
Pedro
38.3%
Mexico (2008)
Jesus
38%
Austria (2008)
Lena
37.8%
Germany (2008)
Lena
37.8%
Mexico (2008)
Alejandro
37%
United States of America (2008)
Caden
37%
Scotland (2008)
Kyle
36.9%
Canada (2008)
Kaden
36.7%
Germany (2008)
Tim
36.4%
Austria (2008)
Maximillian
35.8%
Germany (2008)
Maximilian
35.8%
Australia (2008)
Riley
34.6%
Mexico (2008)
Leonardo
34.5%
Mexico (2008)
Daniela
33.7%
Scotland (2008)
Jamie
33.7%
Austria (2008)
Leonie
32.6%
Germany (2008)
Leonie
32.6%
Austria (2008)
Sebastian
32.5%
Mexico (2008)
Eduardo
32.3%
United States of America (2008)
Hailey
32.3%
Austria (2008)
Lara
32.2%
Austria (2008)
Simon
31.9%
Austria (2008)
Felix
31.7%
Germany (2008)
Felix
31.7%
Scotland (2008)
Lewis
30.9%
Germany (2008)
Johanna
30.3%
France (2008)
Camille
30.2%
Mexico (2008)
Valeria
29.9%
Mexico (2008)
Mariana
29.6%
Australia (2008)
Cooper
28.8%
Brazil (2009)
Enzo
28.7%
France (2008)
Enzo
28.7%
Mexico (2008)
Camila
27.9%
Scotland (2008)
Cameron
27.6%
Australia (2008)
Lachlan
26.8%
Brazil (2009)
Beatriz
26.8%
Brazil (2009)
Arthur
26.4%
Brazil (2009)
Matheus
25.3%
Brazil (2009)
Manuela
24.8%
Scotland (2008)
Callum
24.8%
France (2008)
Mathis
24.7%
Canada (2008)
Mikayla
24.5%
Mexico (2008)
Santiago
24.2%
France (2008)
Océane
23.8%
France (2008)
Inès
22.7%
Mexico (2008)
Ximena
22.3%
Brazil (2009)
Giovanna
21.2%
France (2008)
Raphaël
20.9%
Brazil (2009)
Gustavo
20.4%
Austria (2008)
Florian
20.3%
France (2008)
Louanne
19.5%
France (2008)
Nolan
18%
Austria (2008)
Tobias
17.4%
Germany (2008)
Elias
17.2%
France (2008)
Matheo
16.8%
Canada (2008)
Danica
16.6%
Brazil (2009)
Yasmin
15.7%
France (2008)
Maelys
15.2%
Mexico (2008)
Emiliano
14.6%
France (2008)
Kilan
14.3%
Brazil (2009)
Guilherme
12%
Quiz Playlist
Details
Report
Send in Message
Add To Playlist
Classic:
Type in answers that appear in a list
Quiz Source
Last Updated: Feb 16, 2017
Quiz Scoreboard
CHALLENGE
Sign Up to Join the Scoreboard
Show All
Scores
Hide
Comments
May contain spoilers
Recently Published
Two Season TV Shows II
by 123Four
Television
10m
Image Sorting: Flags VI
by Barbecue
Geography
2m
Find the 'City' Movie
by crazypaving
Movies
60s
More to Explore
Quiz From the Vault
Featured Blog Post
14 Easter Pick-up Lines to Find Eggs With
hide this ad
You Might Also Like...
Tags
Country Quiz
World Quiz
Baby
Boy
girl
Today's Top Quizzes in Miscellaneous
Browse Miscellaneous
hide this ad
Today's Top Quizzes in World
Browse World
Top Contributed Quizzes in Miscellaneous
1
The JOE quick-fire general knowledge quiz: Day 174
2
5-to-1: Fast Food
3
9x9 Crossword: Disney Movie Titles
4
The JOE quick-fire general knowledge quiz: Day 173
5
9x9 Crossword: Charlie and the Chocolate Factory
6
9x9 Crossword: Actors
7
9x9 Crossword: 2022 Movies
8
9x9 Crossword: Flags
9
9x9 Crossword: The Simpsons
10
9x9 Crossword: Pixar Movie Titles
Explore More
Trending Topics
Anime
Kpop
Harry Potter
Crossword
Disney
Marvel
NBA
Song
Pokémon
NFL
Soccer
Puzzle
WWE
Country
The Office
hide this ad
More By:
livfred
Quiz
Plays
Rating
Category
Featured
Created
Fill-in–the–Blank: Male Names Movies
257,778
4.29
Movies
Jun 15, 2010
Fill-in-the-Blank: Missing Women
161,893
4.31
Movies
Mar 17, 2010
5-Letter Movie Titles
115,376
3.92
Movies
Nov 6, 2009
Eponymous Movies
82,065
3.69
Movies
Sep 29, 2009
The 'Last' Movie
69,887
3.96
Movies
Dec 31, 2009
Go to Creator's Profile
Score Distribution
Quiz Creator Spotlight
livfred
Follow
Send a Message
Quizzes Created
-
Created Quiz Play Count
-
More By This Creator
Popular Quizzes Today
1
Find the US States - No Outlines Minefield
2
Colored Red Africa Blitz
3
Find the 'City' Movie
4
5x2 Blitz: Bands
5
The Countries of the World
6
Find the Countries of Europe - No Outlines Minefield
7
Find the US States
8
US States
More Miscellaneous Quizzes
Sporcle Acrostic Puzzle V
Published
Trending Quizzes
Colored Red Europe Blitz I
Colored Red Africa Blitz II
Colored Red Europe Blitz II
Colored Red Africa Blitz III
Colored Red Europe Blitz III
Recently Updated
How Do You Spell That?
pecheneg
Godzilla Movies
pecheneg
Grab Bag: 4-10 Letters
pecheneg
2024 March Madness Bracket
pecheneg
Famous TV Couples
Peacemaker
Champions League XIs: Real Madrid
pecheneg
Largest US Cities 1790-2010
pecheneg
Rides in Walt Disney World
pecheneg
Most Oscar Losses (Acting)
pecheneg
Beyoncé Albums
pecheneg
Trending Topics
Crossword
Kpop
NBA
Marvel
Disney
Anime
Harry Potter
The Office
WWE
NFL
Soccer
Puzzle
Pokémon
Country
Song
Your Account Isn't Verified!
In order to create a playlist on Sporcle, you need to verify the email address you used during registration. Go to your
Sporcle Settings
to finish the process.
Report this User
Report this user for behavior that violates our
Community Guidelines
.
Details:
Send Report
Go to the Sporcle.com Mobile Site →
Comments